| 000 | 00615nam a2200193 4500 | ||
|---|---|---|---|
| 001 | 15835 | ||
| 010 | _a9789727953981 | ||
| 021 | _b470188/20 | ||
| 090 | _a15835 | ||
| 100 | _a20210623d2020 m y0pory50030103ba | ||
| 200 | 1 |
_aEneida _fVirgílio _gtrad., introd e anot. Carlos Ascenso André |
|
| 210 | 9 |
_a[S.l.] _cLivros Cotovia, _d2020 |
|
| 215 |
_a431, [1] p. _d24 cm |
||
| 675 |
_a821.124-13"-00" _vBN _zpor |
||
| 700 | 0 |
_aVirgílio, _f70-19 a.C. |
|
| 702 | 1 |
_aAndré, _bCarlos, _f1953- |
|
| 801 | 0 |
_aPT _bBN _gRPC |
|
| 856 | 4 | 1 | _uhttp://rnod.bnportugal.gov.pt/ImagesBN/winlibimg.aspx?skey=&doc=2073654&img=152946&save=true |
| 990 | _cLIVROS | ||